|
|
|
|
| LEADER |
00859nam a2200217 a 4500 |
| 001 |
GR-MES15857 |
| 008 |
101112s gr 000 0 gre d |
| 020 |
|
|
|a 9780470053
|
| 040 |
|
|
|a GrPaTEI
|b gre
|c GR-PaULI
|
| 040 |
|
|
|a GrPaTEI
|b gre
|c GR-PaULI
|
| 082 |
|
0 |
|a 005.446
|2 22
|
| 245 |
0 |
0 |
|a Windows Vista timesaving techniques for dummies /
|c By Woody Leonhard.
|
| 260 |
|
|
|a Hoboken :
|b Wiley,
|c c2007
|
| 300 |
|
|
|a xiv, 560 σ. :
|b εικ. ;
|c 23 εκ.
|
| 500 |
|
|
|a Περιλαμβάνει ευρετήριο.
|
| 630 |
0 |
0 |
|a Microsoft Windows (Computer file)
|
| 700 |
1 |
|
|a Leonhard, Woody
|
| 942 |
|
|
|2 ddc
|
| 952 |
|
|
|0 0
|1 0
|2 ddc
|4 0
|6 005_446000000000000_LEO
|7 0
|9 273513
|a MSLG
|b MSLG
|c BSC
|d 2021-01-17
|e 24
|f 0
|g 0.00
|l 0
|o 005.446 LEO
|p 2420000024213
|r 2021-01-17 00:00:00
|t 1
|w 2021-01-17
|y BK15
|x 20101112 0 1
|x GrPaTEI
|
| 971 |
|
|
|a .b25819069
|b 15-04-20
|c 13-09-16
|
| 999 |
|
|
|c 158434
|d 158434
|